000 00268nam a2200121Ia 4500
008 190216s9999||||xx |||||||||||||| ||und||
100 _aNull
245 0 _aHindi-Hindi Pathrakarithamem Ayodyavivad
260 _bNull
300 _a160
650 _aHindi
942 _cBK
999 _c16058
_d16058